<?xml version="1.0" encoding="UTF-8"?>
<record
    xmlns:xsi="http://www.w3.org/2001/XMLSchema-instance"
    xsi:schemaLocation="http://www.loc.gov/MARC21/slim http://www.loc.gov/standards/marcxml/schema/MARC21slim.xsd"
    xmlns="http://www.loc.gov/MARC21/slim">

  <leader>01765nam a22002417a 4500</leader>
  <controlfield tag="005">20260601145247.0</controlfield>
  <controlfield tag="008">260601s2024    |||||||| |||| 00| 0 eng d</controlfield>
  <datafield tag="020" ind1=" " ind2=" ">
    <subfield code="a">9781394206087</subfield>
  </datafield>
  <datafield tag="040" ind1=" " ind2=" ">
    <subfield code="c">PK-LaUMT</subfield>
  </datafield>
  <datafield tag="082" ind1=" " ind2=" ">
    <subfield code="a">378.101</subfield>
    <subfield code="b">KOU-S</subfield>
  </datafield>
  <datafield tag="100" ind1="1" ind2=" ">
    <subfield code="a">Kouzes, James</subfield>
    <subfield code="9">12086</subfield>
  </datafield>
  <datafield tag="245" ind1="1" ind2="4">
    <subfield code="a">The student leadership challenge :</subfield>
    <subfield code="b">five practices for becoming an exemplary leader /</subfield>
    <subfield code="c">James Kouzes and Barry Posner</subfield>
  </datafield>
  <datafield tag="250" ind1=" " ind2=" ">
    <subfield code="a">4th ed.</subfield>
  </datafield>
  <datafield tag="260" ind1=" " ind2=" ">
    <subfield code="a">Hoboken :</subfield>
    <subfield code="b">The Leadership Challenge,</subfield>
    <subfield code="c">2024</subfield>
  </datafield>
  <datafield tag="300" ind1=" " ind2=" ">
    <subfield code="a">xvii, 352 p.</subfield>
  </datafield>
  <datafield tag="500" ind1=" " ind2=" ">
    <subfield code="a">Includes bibliographical references and index.</subfield>
  </datafield>
  <datafield tag="520" ind1=" " ind2=" ">
    <subfield code="a">"Based on the same concepts and research that inform the bestselling business leadership book The Leadership Challenge, this is a clear and accessible guide to the Five Practices of Exemplary Leadership, which is the foundation of the Student Leadership Challenge approach. Incorporating stories of leadership development from real students, and language to which college students and other young and emerging leaders can relate, the book also features reflective and critical thinking activities at the end of each chapter to help students engage in each of the Five Practices. This new edition includes a 25% content update, including new stories about topics critical to today's youth -- including but not limited to climate change, social justice, mental health, and virtual learning. Like the previous editions, this edition will include an access code so students can take the Student Leadership Practices Inventory Self (Student LPI) online and get insight into their current leadership skills"-- Provided by publisher</subfield>
  </datafield>
  <datafield tag="546" ind1=" " ind2=" ">
    <subfield code="a">Eng</subfield>
  </datafield>
  <datafield tag="650" ind1=" " ind2=" ">
    <subfield code="a">College student-government</subfield>
    <subfield code="9">12087</subfield>
  </datafield>
  <datafield tag="650" ind1=" " ind2=" ">
    <subfield code="a">Leadership</subfield>
  </datafield>
  <datafield tag="700" ind1="1" ind2=" ">
    <subfield code="a">Posner, Barry</subfield>
    <subfield code="9">12088</subfield>
  </datafield>
  <datafield tag="942" ind1=" " ind2=" ">
    <subfield code="c">BK</subfield>
  </datafield>
  <datafield tag="999" ind1=" " ind2=" ">
    <subfield code="c">140903</subfield>
    <subfield code="d">140903</subfield>
  </datafield>
  <datafield tag="952" ind1=" " ind2=" ">
    <subfield code="0">0</subfield>
    <subfield code="1">0</subfield>
    <subfield code="4">0</subfield>
    <subfield code="7">0</subfield>
    <subfield code="a">01</subfield>
    <subfield code="b">01</subfield>
    <subfield code="d">2026-06-01</subfield>
    <subfield code="l">0</subfield>
    <subfield code="o">378.101 KOU-S</subfield>
    <subfield code="p">152703</subfield>
    <subfield code="r">2026-06-01 14:52:58</subfield>
    <subfield code="w">2026-06-01</subfield>
    <subfield code="y">BK</subfield>
  </datafield>
</record>
